| 000 | 00672nam a22002057a 4500 | ||
|---|---|---|---|
| 005 | 20251108172438.0 | ||
| 008 | 250721s1997 xx 000 0 ara d | ||
| 082 | 1 | 4 | _a371.3078/سيد |
| 100 | 1 | _aسيد، فتح الباب عبدالحليم | |
| 245 | 1 | 0 | _aتوظيف تكنولوجيا التعليم / |
| 250 | _aط.2. | ||
| 264 | 1 |
_aالقاهرة : _bالجمعية المصرية لتكنولوجيا التعليم، _c1997. |
|
| 300 | _a330ص. | ||
| 650 | 1 | 7 | _aالتربية |
| 650 | 1 | 7 | _aتكنولوجيا التعليم |
| 650 | 1 | 7 | _aالأبحاث التربوية |
| 650 | 1 | 7 | _aالتنميةالتربوية |
| 942 |
_2ddc _cBK |
||
| 999 |
_c79537 _d79537 |
||